Código nacional de policía decreto 1355 de 1970 y código nacional de tránsito terrestre ley 769 de 2002 (Registro nro. 2377)
[ vista simple ]
| 000 -CABECERA | |
|---|---|
| Longitud fija campo de control | 00886nam a2200265Ia 4500 |
| 005 - • FECHA Y HORA DE LA ÚLTIMA TRANSACCIÓN | |
| Fecha y hora de la última transacción | 20220316235841.0 |
| 008 - • CÓDIGOS DE INFORMACIÓN DE LONGITUD FIJA | |
| Códigos de información de longitud fija | 121119s2003 ck grl 000 0 spa |
| 020 ## - • NÚMERO INTERNACIONAL NORMALIZADO PARA LIBROS | |
| Número Internacional Normalizado para Libros (ISBN) | 958653331X |
| 041 0# - • CÓDIGO DE LENGUA | |
| Código de lengua del texto/banda sonora o título independiente | spa |
| 082 04 - • NÚMERO DE LA CLASIFICACIÓN DECIMAL DEWEY | |
| Número de clasificación (R) | R344.05 |
| Número del ítem | C64c |
| 040 ## - FUENTE DE LA CATALOGACIÓN | |
| Centro catalogador de origen | CO-BoRNBP |
| Lengua de catalogación | spa |
| Normas de descripción | rda |
| Centro transcriptor | CO-BoRNBP |
| 110 1# - • PUNTO DE ACCESO PRINCIPAL-NOMBRE DE ENTIDAD CORPORATIVA | |
| Nombre de entidad corporativa o nombre de jurisdicción como elemento inicial | Colombia |
| 240 10 - • TÍTULO UNIFORME | |
| Título uniforme | <a href="Código nacional de policía">Código nacional de policía</a> |
| 245 10 - • TITULO PROPIAMENTE DICHO | |
| Título | Código nacional de policía decreto 1355 de 1970 y código nacional de tránsito terrestre ley 769 de 2002 |
| 250 ## - • MENCIÓN DE EDICIÓN | |
| Mención de edición | Primera edición |
| 264 ## - PRODUCCIÓN, PUBLICACIÓN , DISTRIBUCIÓN, FABRICACIÓN Y COPYRIGHT | |
| Lugar de producción, publicación, distribución, fabricación | Bogotá |
| Nombre del productor, editor, distribuidor, fabricante | Legis |
| Fecha de de producción, publicación, distribución, fabricación o copyright | 2003 |
| 300 ## - • DESCRIPCIÓN FÍSICA | |
| Extensión | 509 páginas |
| Dimensiones | 17 cm |
| 336 ## - TIPO DE CONTENIDO | |
| Término de tipo de contenido | texto |
| Código de tipo de contenido | txt |
| Fuente | rdacontent |
| 337 ## - TIPO DE MEDIO | |
| Nombre del tipo de medio | sin mediación |
| Código del tipo de medio | n |
| Fuente | rdamedia |
| 338 ## - TIPO DE SOPORTE | |
| Nombre del tipo de soporte | volumen |
| Código del tipo de soporte | nc |
| Fuente | rdacarrier |
| 650 14 - • PUNTO DE ACCESO ADICIONAL DE MATERIA - TÉRMINO DE MATERIA | |
| Término de materia o nombre geográfico como elemento inicial | Policía |
| Subdivisión de materia general | Legislación |
| Subdivisión geográfica | Colombia |
| Fuente del encabezamiento o término | LEMB |
| 650 14 - • PUNTO DE ACCESO ADICIONAL DE MATERIA - TÉRMINO DE MATERIA | |
| Término de materia o nombre geográfico como elemento inicial | Administración de justicia penal |
| Subdivisión geográfica | Colombia |
| Fuente del encabezamiento o término | LEMB |
| 650 14 - • PUNTO DE ACCESO ADICIONAL DE MATERIA - TÉRMINO DE MATERIA | |
| Término de materia o nombre geográfico como elemento inicial | Derecho penal |
| Subdivisión geográfica | Colombia |
| Fuente del encabezamiento o término | LEMB |
| 942 ## - ENTRADA DE ELEMENTOS AGREGADOS (KOHA) | |
| Fuente de clasificaión o esquema | Dewey Decimal Classification |
| Koha [por defecto] tipo de item | Libro Referencia |
| Perdido | Fuente de clasificación o esquema | Estado Físico | No para préstamo | Forma de adquisición | Localización permanente | Localización actual | Localización en estanterías | Fecha adquisición | Signatura completa | Código de barras | Fecha última consulta | Número de copia | Fecha del precio de reemplazo | Tipo de item de Koha | Préstamos totales |
|---|---|---|---|---|---|---|---|---|---|---|---|---|---|---|---|
| Dewey Decimal Classification | Biblioteca Pública San Carlos de Guaroa - Eduardo Carranza | Biblioteca Pública San Carlos de Guaroa - Eduardo Carranza | 08/30/2024 | R 344.05 C64c | SG02037 | 08/30/2024 | Ej.1 | 08/30/2024 | Libro Referencia | ||||||
| Dewey Decimal Classification | Colección General | Biblioteca Pública Guamal | Biblioteca Pública Guamal | Referencia | 04/25/2023 | R344.05 C64c | GUA003372 | 04/25/2023 | Ej.1 | 04/25/2023 | Libro Referencia |